Statistics for Countries Smaller than Boise

Click here to take the quiz!

General Stats

  • This quiz has been taken 31 times
    (10 since last reset)
  • The average score is 13 of 20

Answer Stats

PopulationCountry% Correct
799Vatican City
100%
39,102Monaco
100%
77,072Andorra
83%
120,428Kiribati
83%
11,260Nauru
83%
22,206Palau
83%
33,683San Marino
83%
38,404Liechtenstein
67%
53,211Marshall Islands
67%
198,909Samoa
67%
104,084Antigua and Barbuda
67%
74,679Dominica
67%
180,454St. Lucia
50%
56,345St. Kitts and Nevis
50%
95,702Seychelles
50%
105,544Federated States of Micronesia
50%
108,825Grenada
50%
11,393Tuvalu
50%
110,488St. Vincent and the Grenadines
50%
110,041Tonga
33%

Score Distribution

Percentile by Number Answered

Percent of People with Each Score

Your Score History

You have not taken this quiz since the last reset